000 00735nam a2200253 a 4500
001 15453
003 BD-RjUL
005 20211208235823.0
008 140210s1964 nyu b 001 0 eng
035 _a(BD-RjUL)15505
035 _a(OCoLC)369202
040 _aDLC
_cOClU
_dOCoLC
_dUk
_dDLC
_dBD-RjUL
_beng
041 _aeng
082 _223
_a658.18
_bMAI 1962
100 1 _aMartyn, Howe.
_947998
245 1 0 _aInternational business :
_bprinciples and problems /
_cHowe Martyn
260 _aNew York :
_bFree Press of Glencoe,
_c[c1964]
300 _axiv, 288 p. ;
_c22 cm.
504 _aIncludes index
650 0 _aInternational business enterprises.
_947999
942 _2ddc
_cBK
999 _c15453
_d15453